000 00525nam a2200181Ia 4500
008 151202s9999||||xx |||||||||||||| ||und||
082 _bPNVM-84820
100 _aचंपानेरकर मीना.
245 _aसूप्स.
260 _bरोहन प्रकाशन.
260 _c2014
300 _a72
600 _aचंपानेरकर मीना.
630 _aसूप्स.
700 _aचंपानेरकर मीना.
730 _aसूप्स.
942 _cBOOK
999 _c1349672
_d1349669